00759nam a22002057a 450000500170000001000150001702000260003203500130005803700130007108200130008410000150009724500820011226000430019427001020023730000250033950000190036494200270038399900170041095201260042720140314124838.0 aENG-109461 c450.00a9789350353769 aEN-92994 bDBAD/PUB a345.5406 aBhat, U.L.00aRelevancy, proof and evaluation of evidence in criminal cases /cby U.L. Bhat aDelhibUniversal Law Publishing c2013 aC-FF-1A, Dilkhus Industrial Estate, (Near Azadpur Metro Station) G.T. Karnal Road,bDelhie110033 axlv,317p.c24cm(pbk) aIncludes index 2ddccENmBHAh345.5406 c82741d82741 001040718NFICaDBADbDBADd2014-02-25eDBAD/PUBg450.00l0o345.5406 BHApEN-92994r2014-02-25 00:00:00t1v450.00yEN